000 01682 a2200253 4500
001 24875
005 20260407155531.0
008 260407a2011 arg spa d
003 AR-UNSa-BCEJYS
040 _aAR-UNSa-BCEJYS
_bspa
_cAR-UNSa-BCEJYS
080 _a339.5
_xComercio exterior. Comercio Internacional
245 1 0 _aComercio Internacional
020 _a978-84-291-2648-8
264 1 _aBarcelona :
_bReverté
_c2011
300 _axxvii, 432 p.
_c28 cm.
505 _aParte I: Introducción al comercio internacional : 1. Comercio en la economía mundial - Parte II : Patrones del comercio internacional : 2. Comercio y tecnología : El modelo ricardiano - 3. Ganancias y pérdidas del comercio en el modelo de factores específicos - 4. Comercio y recursos : El modelo Heckscher - Ohlin - 5. Movimiento de trabajo y capital - Parte 3 : Nuevas explicaciones del comercio internacional : 6. Rendimientos crecientes a escala y competencias imperfectas - 7. Externalización de bienes y servicios - Parte 4 : Política comercial internacional : 8. Aranceles y cuotas de importacion con competencias perfectas - 9. Aranceles y cuotas de importación con competencia imperfecta - 10. Los subsidios a la exportación en la agricultura y en las industrias de alta tecnología - 11. Acuerdos Internacionales : comercio, trabajo y medio ambiente.
942 _cBK
590 _aniveau_biblio:m niveau_hierar:0
100 1 _aIranzo Sancho, Susana
700 1 _aTaylor, Alan M.
700 1 _aFeenstra, Robert C.
700 1 _aPérez Apilanez, Gotzone
856 4 1 _uhttps://biblioeco.unsa.edu.ar/pmb/images/libros/Comericio Internacional (2008).jpg
_yImagen de portada
_qimage/jpeg
999 _c1229
_d1229